LEADER 01078nam a2200253 i 4500 001 000000152414 003 CaOOAMICUS 005 20060807000000.0 008 060807s1961 it u000 u ita u 013 $a129755 040 $aSeMil$bita 100 1 $aCarocci, Giampiero.$0(OLS)http://semarc/name/50787 245 10$aGiolitti e l'età giolittiana /$cGiampiero Carocci. 260 $aTorino :$bPiccola Biblioteca Einaudi,$ccopyr. 1961. 300 $a187 p. ;$c18 cm. 490 0 $aPiccola biblioteca Einaudi ;$v12 600 14$aGiolitti, Giovanni <1842-1928>.$0(OLS)http://semarc/subject/13623 650 4$aItalia - Storia - 1901-1915.$0(OLS)http://semarc/subject/29752 830 0$aPiccola biblioteca Einaudi ;$v12.$0(OLS)http://semarc/title/11221 850 $aSeMil 852 $aSeMil$W1$xVenegono$y1$m3U I 581$j104373$B104373$CSeMilBibl$Z2$F113683 $81 961 $aLascito: Gogna prof.ssa Silvia 996 $6245$aGiolitti e l'età giolittiana$9(OLS)http://semarc/title/222850 996 $6260$aTorino :$bPiccola Biblioteca Einaudi$9(OLS)http://semarc/publisher/34351 LEADER 01218nam a2200253 i 4500 001 000000172173 003 CaOOAMICUS 005 20080529000000.0 008 080529s1975 it u000 u fre u 013 $a149612 040 $aSeMil$bita 245 10$aMessage de sa sainteté le Pape Paul 6. pour la célébration de la «journée de la pax» :$b1. Janvier 1975. 246 04$iTitolo in copertina:$aJournee de la paix 1975 260 $a[S.l. :$bs.n.],$cstampa 1975$e(Pompei (NA) :$fTipografica Pompei,$gstampa 1975) 300 $a143 p. ;$c26 cm. 500 $aA piè del front. : La réconciliation, chemin vers la paix. - Fondo Card. Giovanni Colombo. 650 4$aPaolo VI - Pace.$0(OLS)http://semarc/subject/28370 850 $aSeMil 852 $aSeMil$W1$xVenegono$y1$m2A VI 12$j123035$B123035$CSeMilBibl$Z2$F134388 $81 941 1 $a3 961 $aLascito: Colombo Card. Giovanni 996 $6245$aMessage de sa sainteté le Pape Paul 6. pour la célébration de la «journée de la pax» :$b1. Janvier 1975$9(OLS)http://semarc/title/246497 996 $6246$aJournee de la paix 1975$9(OLS)http://semarc/title/246498 996 $6260$a[S.l. :$bs.n.]$9(OLS)http://semarc/publisher/29751